La ciencia del trabajo (Registro nro. 5113)
[ vista simple ]
| 000 -LEADER | |
|---|---|
| fixed length control field | 01962 a2200193 4500 |
| 001 - CONTROL NUMBER | |
| control field | 53134 |
| 005 - DATE AND TIME OF LATEST TRANSACTION | |
| control field | 20260407155805.0 |
| 008 - FIXED-LENGTH DATA ELEMENTS--GENERAL INFORMATION | |
| fixed length control field | 260407a1963 arg spa d |
| 003 - CONTROL NUMBER IDENTIFIER | |
| control field | AR-UNSa-BCEJYS |
| 040 ## - CATALOGING SOURCE | |
| Original cataloging agency | AR-UNSa-BCEJYS |
| Language of cataloging | spa |
| Transcribing agency | AR-UNSa-BCEJYS |
| 080 ## - UNIVERSAL DECIMAL CLASSIFICATION NUMBER | |
| Universal Decimal Classification number | 331 |
| Common auxiliary subdivision | Trabajo. Empleo. Organización del trabajo |
| 100 1# - MAIN ENTRY--PERSONAL NAME | |
| Personal name | Hilf, Hubert Hugo |
| 245 10 - TITLE STATEMENT | |
| Title | La ciencia del trabajo |
| 264 #1 - PRODUCTION, PUBLICATION, DISTRIBUTION, MANUFACTURE, AND COPYRIGHT NOTICE | |
| Place of production, publication, distribution, manufacture | Madrid : |
| Name of producer, publisher, distributor, manufacturer | Ediciones Rialp |
| Date of production, publication, distribution, manufacture, or copyright notice | 1963 |
| 300 ## - PHYSICAL DESCRIPTION | |
| Extent | 520 p. |
| Dimensions | 24 cm. |
| 505 ## - FORMATTED CONTENTS NOTE | |
| Formatted contents note | Parte I. El estudio del trabajo: 1. Sistemática de la ciencia del trabajo - 2. La historia de la ciencia del trabajo - 3. Metodología de la ciencia ergológica - 4. La bibliografía de la ciencia del trabajo – Parte II. Condiciones y presupuestos del rendimiento del trabajo: - 5. Condiciones geográficas y climáticas del trabajo - 6. Presupuestos humanos (Etnográficos y antropológicos) del rendimiento del trabajo - 7. Supuestos jurídicos, éticos e históricos del rendimiento - 8. Condiciones técnicas, económicas y sociales del trabajo – Parte III. La biología del trabajo: - 9. La fisiología del trabajo - 10. La higiene del trabajo - 11. La psicología del trabajo - 12. La pedagogía del trabajo – Parte IV. La técnica del trabajo: - 13. Los medios de trabajo - 14. El procedimiento del trabajo - 15. El recorrido y los movimientos del trabajo - 16. El tiempo del trabajo y su determinación –Parte V. la organización del trabajo: 17. Contenidos y principios de la dirección del trabajo - 18. La estructuración de la empresa - 19. El planeamiento del trabajo - 20. Control y cómputo del trabajo – Parte VI. La valorización del trabajo: 21. El producto del trabajo -22. La retribución del trabajo - 23. La valoración del trabajo - 24. Efectos del trabajo – Parte VII. Problemas del trabajo: 25. Obstáculos de la configuración del trabajo - 26. Problemas actuales de la ciencia del trabajo |
| 590 ## - LOCAL NOTE (RLIN) | |
| Local note | niveau_biblio:m niveau_hierar:0 |
| 942 ## - ADDED ENTRY ELEMENTS (KOHA) | |
| Koha item type | |
| Withdrawn status | Lost status | Damaged status | Not for loan | Home library | Current library | Shelving location | Date acquired | Total checkouts | Full call number | Barcode | Date last seen | Price effective from | Koha item type |
|---|---|---|---|---|---|---|---|---|---|---|---|---|---|
| Biblioteca Prof. Eusebio Cleto del Rey | Biblioteca Prof. Eusebio Cleto del Rey | 07/04/2026 | 331 H641 | L21109 | 07/04/2026 | 07/04/2026 | Libro |